| 000 | 00778nam a22002297a 4500 | ||
|---|---|---|---|
| 005 | 20130617113845.0 | ||
| 010 | _aENG-107487 | ||
| 020 |
_a978938052731 _c195.00 |
||
| 035 | _aEN-91020 | ||
| 037 | _bDBAD/PUB | ||
| 082 | _a327.120954 | ||
| 100 | _aSheikh, Danish | ||
| 245 |
_aLocating India's intelligence agencies in a democratic framework / _cby Danish Sheikh |
||
| 260 |
_aNew Delhi _bK W Publishers _c2011 |
||
| 270 |
_a4676/21, First Floor, Ansari Road, Daryagang _bNew Delhi _e110002 |
||
| 300 |
_axi, 60p. _c23cm(pbk) |
||
| 500 | _aIncludes bibliographical references (p. [57]-60). | ||
| 650 |
_a Intelligence service _z India. |
||
| 650 |
_aDemocracy _z India. |
||
| 710 | _a Observer Research Foundation. | ||
| 942 |
_2ddc _cEN _mSHE _h327.120954 |
||
| 999 |
_c76387 _d76387 |
||